[Event "XIV Weekend A"]
[Site "Ivrea ITA"]
[Date "2010.03.20"]
[Round "5"]
[White "Crepaldi, Marco"]
[Black "Giachino, Adriano"]
[Result "1-0"]
[WhiteElo "1874"]
[BlackElo "1686"]
[PlyCount "87"]
[EventDate "2010.03.19"]

1. e4 e5 2. Nf3 Nc6 3. Bb5 d6 4. d4 Bd7 5. O-O a6 6. Bxc6 Bxc6 7. Re1 Nf6 8.
Bg5 Be7 9. Nc3 O-O 10. dxe5 Nd7 11. Bxe7 Qxe7 12. exd6 cxd6 13. Qd4 Rac8 14.
Rad1 f6 15. Qxd6 Qf7 16. Nd4 Ne5 17. Qe6 Qxe6 18. Nxe6 Rfe8 19. Nf4 Rc7 20. Nd3
Ng6 21. f3 Rce7 22. Nb4 f5 23. Nxc6 bxc6 24. Rd6 Ne5 25. b3 a5 26. Red1 Kf8 27.
Rd8 fxe4 28. Nxe4 Nf7 29. Rxe8+ Rxe8 30. Kf2 h6 31. Nd6 Nxd6 32. Rxd6 Rc8 33.
c4 Ke7 34. c5 Rc7 35. h4 h5 36. g4 hxg4 37. fxg4 Kf7 38. h5 Kg8 39. Kg3 Re7 40.
Rxc6 Re2 41. a4 Rb2 42. Rb6 Rc2 43. c6 Rc3+ 44. Kh4 1-0

[Event "XIV Weekend A"]
[Site "Ivrea ITA"]
[Date "2010.03.20"]
[Round "5"]
[White "Di Chiara, Mauro"]
[Black "Bisi, Samuele"]
[Result "1-0"]
[WhiteElo "1868"]
[BlackElo "1786"]
[PlyCount "109"]
[EventDate "2010.03.19"]

1. d4 Nf6 2. Nf3 e6 3. c4 Bb4+ 4. Bd2 Bxd2+ 5. Qxd2 c5 6. e3 b6 7. Nc3 O-O 8.
Be2 Bb7 9. O-O d5 10. cxd5 exd5 11. Ne5 Nc6 12. Nxc6 Bxc6 13. dxc5 bxc5 14. Bf3
Qd7 15. Rfd1 Rfd8 16. Rac1 Rac8 17. Ne2 Bb7 18. b4 Qe7 19. bxc5 Rxc5 20. Rxc5
Qxc5 21. Rc1 Qb6 22. Qd4 Qxd4 23. Nxd4 Kf8 24. Rc7 Rc8 25. Rxc8+ Bxc8 26. Kf1
Bd7 27. Ke1 Ke7 28. Kd2 Kd6 29. Kd3 Ng4 30. Bxg4 Bxg4 31. Nb3 f6 32. Kd4 Bd7
33. Nc5 Bc6 34. Nd3 Be8 35. Nf4 Bf7 36. Ne2 Be8 37. Ng3 g6 38. Ne2 g5 39. f4 h6
40. g3 Bb5 41. Nc3 Bc6 42. fxg5 fxg5 43. h4 gxh4 44. gxh4 a6 45. Nd1 Bb5 46.
Nf2 Be2 47. Nh3 Bg4 48. Nf4 Be6 49. Nd3 Bd7 50. Nb4 a5 51. Nxd5 Be6 52. e4 Bxd5
53. exd5 h5 54. a4 Kd7 55. Kc5 1-0

[Event "XIV Weekend A"]
[Site "Ivrea ITA"]
[Date "2010.03.20"]
[Round "5"]
[White "Finocchiaro, Gianluca"]
[Black "Liviabella, Lucio"]
[Result "1-0"]
[WhiteElo "2097"]
[BlackElo "1716"]
[PlyCount "43"]
[EventDate "2010.03.19"]

1. d4 Nf6 2. Nf3 g6 3. Nc3 Bg7 4. e4 d6 5. Be3 O-O 6. Qd2 Ng4 7. Bg5 h6 8. h3
Nxf2 9. Qxf2 hxg5 10. Nxg5 f6 11. Bc4+ e6 12. Bxe6+ Bxe6 13. Nxe6 Qe7 14. Nxf8
Qxf8 15. O-O Qf7 16. Nd5 Nc6 17. Nxf6+ Bxf6 18. Qxf6 Qg7 19. Qe6+ Kh8 20. Rf4
Qh6 21. Raf1 Rg8 22. Qf6+ 1-0

[Event "XIV Weekend A"]
[Site "Ivrea ITA"]
[Date "2010.03.20"]
[Round "5"]
[White "Giunto, Andrea"]
[Black "Castaldo, Antonio"]
[Result "1-0"]
[WhiteElo "1938"]
[BlackElo "1698"]
[PlyCount "49"]
[EventDate "2010.03.19"]

1. e4 d6 2. d4 Nf6 3. Nc3 g6 4. Nf3 Bg7 5. h3 O-O 6. Be2 Nbd7 7. e5 dxe5 8.
dxe5 Ne8 9. Bf4 e6 10. Bc4 c6 11. O-O b6 12. Bg5 Qc7 13. Be7 Nxe5 14. Bxf8 Nxc4
15. Bxg7 Nxg7 16. b3 Nd6 17. Qe2 a5 18. Rfd1 Ba6 19. Qe5 Nge8 20. Rd2 Rd8 21.
Rad1 Bc8 22. Ne4 Qe7 23. Nxd6 Nxd6 24. Rxd6 Rxd6 25. Qxd6 1-0

[Event "XIV Weekend A"]
[Site "Ivrea ITA"]
[Date "2010.03.20"]
[Round "5"]
[White "Paonessa, Denis"]
[Black "Raccanello, Ivano"]
[Result "0-1"]
[WhiteElo "1908"]
[BlackElo "1727"]
[PlyCount "62"]
[EventDate "2010.03.19"]

1. d4 f5 2. Bg5 Nf6 3. Bxf6 exf6 4. e3 d5 5. Bd3 Bd6 6. Qf3 g6 7. Ne2 c6 8. h4
Qe7 9. h5 Qf8 10. Nd2 b6 11. O-O-O Ba6 12. c4 Nd7 13. Nf4 Qg8 14. hxg6 Bxf4 15.
gxh7 Rxh7 16. Rxh7 Qxh7 17. Qxf4 dxc4 18. Nxc4 Bxc4 19. Bxc4 Qe7 20. Rh1 b5 21.
Rh8+ Nf8 22. Bd3 O-O-O 23. Bxf5+ Kb7 24. Qe4 Qb4 25. Kc2 Kb6 26. d5 Qc5+ 27.
Kb3 a5 28. a3 Rxd5 29. g4 Nd7 30. Qc2 Rxf5 31. gxf5 a4+ 0-1

[Event "XIV Weekend A"]
[Site "Ivrea ITA"]
[Date "2010.03.20"]
[Round "5"]
[White "Tricerri, Pierino"]
[Black "Piazza, Giacomo"]
[Result "1-0"]
[WhiteElo "1521"]
[BlackElo "1634"]
[PlyCount "105"]
[EventDate "2010.03.19"]

1. d4 Nf6 2. c4 g6 3. Nc3 Bg7 4. e4 d6 5. Be3 c6 6. f3 Qb6 7. b3 e5 8. Nge2 Qa5
9. a3 Qc7 10. d5 c5 11. b4 b6 12. bxc5 bxc5 13. Nb5 Qd8 14. Nec3 a6 15. Qa4 O-O
16. Nd1 Nh5 17. g3 f5 18. Nbc3 f4 19. Bd2 fxg3 20. hxg3 Nxg3 21. Rg1 Nxf1 22.
Rxf1 Bd7 23. Qb3 Qh4+ 24. Nf2 Rxf3 25. Qb7 Rxf2 26. Rxf2 Bf6 27. Be3 Bg4 28.
Qxa8 Qh1+ 29. Rf1 Bh4+ 30. Bf2 Bxf2+ 31. Kd2 Qh6+ 32. Kc2 Qf8 33. Rab1 Nd7 34.
Qxf8+ Nxf8 35. Rxf2 Nd7 36. Rb7 h5 37. Na4 Kg7 38. Nb6 Kh6 39. Nxd7 Kg5 40. Nf8
h4 41. Ne6+ Kh6 42. Rh2 g5 43. Rb6 Bf3 44. Kd3 Kh5 45. Rxd6 Kg4 46. Ke3 Kg3 47.
Rf2 g4 48. Ng5 h3 49. Nxf3 a5 50. Rg6 a4 51. d6 h2 52. Nxh2 Kh3 53. Nxg4 1-0

[Event "VII Open Primavera Vomero"]
[Site "Napoli ITA"]
[Date "2010.03.18"]
[Round "1"]
[White "Borrelli, Salvatore"]
[Black "Angelotti, Mario"]
[Result "1-0"]
[WhiteElo "1967"]
[BlackElo "1527"]
[PlyCount "59"]
[EventDate "2010.03.18"]

1. d4 Nf6 2. Nf3 c6 3. e3 d5 4. Bd3 Bg4 5. c4 dxc4 6. Bxc4 e6 7. O-O Bd6 8. h3
Bh5 9. Nc3 b5 10. Bd3 Bg6 11. e4 Bc7 12. e5 Nd5 13. Nxd5 Qxd5 14. Bxg6 hxg6 15.
Be3 Nd7 16. Qc2 Ke7 17. Rac1 c5 18. dxc5 Rxh3 19. Rfd1 Qc6 20. Nd4 Qa6 21. gxh3
Nxe5 22. Qe4 Rh8 23. Kg2 f5 24. Bg5+ Kf7 25. Qe2 Qxa2 26. Nxb5 Qa5 27. Nxc7
Qxc7 28. Bf4 Qc6+ 29. f3 Nd7 30. Rd6 1-0

[Event "VII Open Primavera Vomero"]
[Site "Napoli ITA"]
[Date "2010.03.18"]
[Round "1"]
[White "Ficco, Corrado"]
[Black "Donadio, Andrea"]
[Result "1-0"]
[WhiteElo "2156"]
[BlackElo "1697"]
[PlyCount "71"]
[EventDate "2010.03.18"]

1. e4 e6 2. d4 d5 3. Nc3 Bb4 4. e5 c5 5. Bd2 Bxc3 6. Bxc3 cxd4 7. Qxd4 Ne7 8.
O-O-O Nbc6 9. Qg4 Nf5 10. Bd3 h5 11. Qf4 Nce7 12. Nf3 Bd7 13. Rhe1 Qc7 14. Nd4
Ng6 15. Qd2 Nfe7 16. f4 a5 17. Nb5 Bxb5 18. Bxb5+ Nc6 19. f5 Nf8 20. Qg5 g6 21.
fxe6 fxe6 22. Rf1 Qg7 23. Rd2 Nh7 24. Qh4 Qe7 25. Qa4 Qc7 26. Rdf2 Rf8 27.
Rxf8+ Nxf8 28. Rf6 g5 29. Bb4 Nd7 30. Bxc6 bxc6 31. Rxe6+ Kf7 32. Re7+ Kg6 33.
c4 Rf8 34. Qc2+ Rf5 35. Re6+ Nf6 36. Rxf6+ 1-0

[Event "VII Open Primavera Vomero"]
[Site "Napoli ITA"]
[Date "2010.03.18"]
[Round "1"]
[White "Gallina, Giacomo"]
[Black "Rosato, Luciano"]
[Result "0-1"]
[WhiteElo "1705"]
[BlackElo "2260"]
[PlyCount "68"]
[EventDate "2010.03.18"]

1. e4 d6 2. Nc3 g6 3. Bc4 Nf6 4. d3 Bg7 5. f4 Nc6 6. Be3 Ng4 7. Bc1 e5 8. Nf3
Nd4 9. h3 Nh6 10. Ng5 f6 11. Nf3 c6 12. Nxd4 exd4 13. Ne2 f5 14. Bd2 fxe4 15.
dxe4 d5 16. exd5 Nf5 17. O-O cxd5 18. Bd3 O-O 19. Bxf5 Bxf5 20. Bb4 d3 21. Bxf8
dxe2 22. Qxe2 Qxf8 23. c3 Be4 24. Rad1 Re8 25. Qb5 a6 26. Qxb7 Rb8 27. Qxa6
Rxb2 28. Qe6+ Kh8 29. Rf2 Rxf2 30. Kxf2 Qxf4+ 31. Kg1 Qe3+ 32. Kh2 Qf4+ 33. Kg1
h5 34. Rf1 Qg5 0-1

[Event "VII Open Primavera Vomero"]
[Site "Napoli ITA"]
[Date "2010.03.18"]
[Round "1"]
[White "Gallo, Thomas Renato"]
[Black "Khosravani, Afshin"]
[Result "1-0"]
[WhiteElo "1889"]
[BlackElo "1464"]
[PlyCount "41"]
[EventDate "2010.03.18"]

1. d4 f5 2. c4 b6 3. Nc3 e6 4. Nf3 Bb7 5. e3 Nf6 6. Bd3 Be7 7. Qe2 Nc6 8. e4
fxe4 9. Nxe4 Bb4+ 10. Bd2 Qe7 11. a3 Bxd2+ 12. Qxd2 O-O-O 13. Nc3 e5 14. O-O-O
Nxd4 15. Nxd4 exd4 16. Ne2 Bxg2 17. Rhe1 Qf7 18. Nxd4 Rde8 19. f3 c5 20. Nb5
Bxf3 21. Nd6+ 1-0

[Event "VII Open Primavera Vomero"]
[Site "Napoli ITA"]
[Date "2010.03.18"]
[Round "1"]
[White "Iannotta, Francesco"]
[Black "Fezza, Davide"]
[Result "0-1"]
[WhiteElo "1694"]
[BlackElo "2064"]
[PlyCount "92"]
[EventDate "2010.03.18"]

1. Nf3 Nf6 2. g3 g6 3. Bg2 Bg7 4. O-O O-O 5. d3 d6 6. Nbd2 e5 7. e4 h6 8. h3
Nc6 9. Nc4 Be6 10. b3 Ne8 11. Nh4 Kh7 12. Be3 Qd7 13. Kh2 d5 14. Nb2 f5 15. Na4
b6 16. c4 d4 17. Bd2 f4 18. c5 fxg3+ 19. fxg3 Rxf1 20. Bxf1 b5 21. Nb2 a5 22.
a4 b4 23. Qe2 Bxb3 24. Nd1 Nf6 25. Nf2 Qf7 26. g4 Rf8 27. g5 Nh5 28. Ng4 Nf4
29. Qe1 h5 30. Nh6 Bxh6 31. gxh6 Ne6 32. Bg2 Qf2 33. Qb1 Bxa4 34. Qa2 Qxh4 35.
Qxe6 Bb5 36. Rg1 Qe7 37. Qb3 a4 38. Qd1 b3 39. Bf3 Bxd3 40. Bxh5 Bxe4 41. Qg4
Rf2+ 42. Kg3 Rxd2 43. Qxe4 Qg5+ 44. Kf3 Qxh5+ 45. Rg4 Qxh3+ 46. Rg3 Qh1+ 0-1

[Event "VII Open Primavera Vomero"]
[Site "Napoli ITA"]
[Date "2010.03.18"]
[Round "1"]
[White "Lerro, Luca"]
[Black "Basso, Lorenzo"]
[Result "0-1"]
[WhiteElo "1479"]
[BlackElo "1899"]
[PlyCount "50"]
[EventDate "2010.03.18"]

1. e4 g6 2. d4 Bg7 3. Nf3 c6 4. Be2 d5 5. e5 h5 6. Bf4 Qb6 7. b3 Nh6 8. c3 Bg4
9. Nh4 c5 10. Bxg4 hxg4 11. dxc5 Qxc5 12. e6 Bxc3+ 13. Nxc3 Qxc3+ 14. Bd2 Qe5+
15. Kf1 Qxe6 16. g3 Nd7 17. Bc3 Nf6 18. Kg2 Qe4+ 19. f3 gxf3+ 20. Nxf3 Nhg4 21.
Re1 Ne3+ 22. Rxe3 Qxe3 23. Bxf6 exf6 24. Qxd5 Qe2+ 25. Kg1 O-O 0-1

[Event "VII Open Primavera Vomero"]
[Site "Napoli ITA"]
[Date "2010.03.18"]
[Round "1"]
[White "Pinto, Gaetano"]
[Black "Guardascione, Federico G."]
[Result "1-0"]
[WhiteElo "2046"]
[BlackElo "1536"]
[PlyCount "45"]
[EventDate "2010.03.18"]

1. e4 e5 2. Nf3 d6 3. d4 Nf6 4. dxe5 Nxe4 5. Qd5 Nc5 6. Bg5 Qd7 7. exd6 Bxd6 8.
Nc3 O-O 9. O-O-O a6 10. Be3 Qe7 11. Bc4 Be6 12. Qd4 Nc6 13. Qd2 Bxc4 14. Rhe1
Be6 15. Nd5 Qd8 16. Qc3 Nd7 17. a3 Nde5 18. Nf4 Bg4 19. Rg1 a5 20. h3 Bxf3 21.
gxf3 b5 22. Nh5 Ng6 23. Qxg7# 1-0

[Event "VII Open Primavera Vomero"]
[Site "Napoli ITA"]
[Date "2010.03.18"]
[Round "1"]
[White "Seletsky, Grigory"]
[Black "De Fazio, Giovanni"]
[Result "1-0"]
[WhiteElo "2334"]
[BlackElo "1762"]
[PlyCount "67"]
[EventDate "2010.03.18"]

1. e4 d5 2. exd5 Nf6 3. Bb5+ Bd7 4. Bc4 Bg4 5. f3 Bf5 6. Nc3 Nbd7 7. g4 Nb6 8.
Bb3 Bc8 9. Nge2 Nfxd5 10. Nxd5 Nxd5 11. c4 Nb4 12. d4 e6 13. Be3 Be7 14. Qd2 b6
15. a3 Bh4+ 16. Ng3 Nc6 17. O-O-O Na5 18. Ba2 Ba6 19. Qc2 Bb7 20. d5 exd5 21.
cxd5 O-O 22. b4 Qe7 23. Nf5 Qe5 24. Bd4 Bg5+ 25. Kb2 Qf4 26. h4 Bf6 27. Bxf6
gxf6 28. Qc3 Rae8 29. bxa5 Re2+ 30. Ka1 Bc8 31. Qxf6 Bxf5 32. gxf5 Rxa2+ 33.
Kxa2 Qc4+ 34. Ka1 1-0

[Event "VII Open Primavera Vomero"]
[Site "Napoli ITA"]
[Date "2010.03.18"]
[Round "1"]
[White "Sparice, Lorenzo"]
[Black "Accardo, Francesco"]
[Result "0-1"]
[WhiteElo "1452"]
[BlackElo "1872"]
[PlyCount "48"]
[EventDate "2010.03.18"]

1. d4 b5 2. c3 Bb7 3. Nf3 f5 4. Qd3 g6 5. Qxb5 Ba6 6. Qb3 Nf6 7. e3 Bc8 8. Be2
Nc6 9. Ng5 e6 10. Qc2 Rb8 11. b4 Bg7 12. e4 h6 13. Nh3 Nxe4 14. a3 O-O 15. Be3
g5 16. Bd3 Nd6 17. f3 e5 18. Qb3+ Kh8 19. Qb2 exd4 20. cxd4 Re8 21. Qf2 f4 22.
O-O Rxe3 23. Be4 Bxd4 24. Ra2 Rxe4 0-1

[Event "VII Open Primavera Vomero"]
[Site "Napoli ITA"]
[Date "2010.03.25"]
[Round "2"]
[White "Angelotti, Mario"]
[Black "Esposito, Rosario"]
[Result "1-0"]
[WhiteElo "1527"]
[BlackElo "1847"]
[PlyCount "45"]
[EventDate "2010.03.18"]

1. e4 c5 2. Nf3 d6 3. d4 cxd4 4. Nxd4 Nf6 5. Nc3 g6 6. Bb5+ Bd7 7. Bxd7+ Nbxd7
8. O-O Bg7 9. Nf3 O-O 10. Qe2 Ng4 11. h3 Nge5 12. Nh2 a6 13. f4 Nc6 14. f5 Nde5
15. Be3 b5 16. Nd5 Nc4 17. c3 Nxe3 18. Qxe3 Ne5 19. Ng4 Nxg4 20. hxg4 Be5 21.
Kf2 e6 22. Rh1 g5 23. Qh3 1-0

[Event "VII Open Primavera Vomero"]
[Site "Napoli ITA"]
[Date "2010.03.25"]
[Round "2"]
[White "Basso, Lorenzo"]
[Black "Seletsky, Grigory"]
[Result "0-1"]
[WhiteElo "1899"]
[BlackElo "2334"]
[PlyCount "88"]
[EventDate "2010.03.18"]

1. d4 Nf6 2. Bg5 e6 3. Nf3 c5 4. e3 Qb6 5. Bd3 Nc6 6. Nbd2 cxd4 7. Nc4 Qc5 8.
O-O d5 9. exd4 Nxd4 10. b4 Nxf3+ 11. Qxf3 Qc7 12. Ne3 Be7 13. c4 d4 14. Nc2 e5
15. Rfe1 O-O 16. h3 Be6 17. Rac1 Rac8 18. a3 Rfe8 19. Na1 Nd7 20. Bxe7 Rxe7 21.
Nb3 g6 22. Nd2 f5 23. h4 e4 24. Nxe4 fxe4 25. Rxe4 Ne5 26. Qe2 Nxd3 27. Qxd3
Bf5 28. Rxe7 Bxd3 29. Rxc7 Rxc7 30. Rd1 Bxc4 31. Rxd4 a6 32. h5 gxh5 33. Kh2
Bf7 34. f3 Kg7 35. Kg3 Kf6 36. a4 Be8 37. a5 Rg7+ 38. Kf2 Bc6 39. Rh4 Kg5 40.
Rd4 Rd7 41. Rc4 Rd2+ 42. Kg3 h4+ 43. Kh2 Bxf3 44. Rc5+ Bd5 0-1

[Event "VII Open Primavera Vomero"]
[Site "Napoli ITA"]
[Date "2010.03.25"]
[Round "2"]
[White "Colli, Roberto"]
[Black "Symonovych, Volodymyr"]
[Result "0-1"]
[WhiteElo "1461"]
[BlackElo "1536"]
[PlyCount "64"]
[EventDate "2010.03.18"]

1. d4 d5 2. c4 c6 3. Nf3 e6 4. g3 Nf6 5. Bg2 dxc4 6. Ne5 c5 7. Qa4+ Nbd7 8.
dxc5 Bxc5 9. O-O Rb8 10. Nxd7 Bxd7 11. Qxc4 Rc8 12. Qb3 b5 13. Be3 Qb6 14. Bxc5
Rxc5 15. Qe3 Ng4 16. Qd4 e5 17. Qd3 Nxf2 18. Rxf2 Rc1+ 19. Bf1 Bh3 20. e3 Qc6
21. Qe2 O-O 22. Qf3 e4 23. Qe2 Rd8 24. Qh5 Qe6 25. Qxb5 h6 26. a4 Rdd1 27. b4
Rxf1+ 28. Rxf1 Rxf1+ 29. Qxf1 Bxf1 30. Kxf1 Qc4+ 31. Kg2 Qxb4 32. Na3 Qb2+ 0-1

[Event "VII Open Primavera Vomero"]
[Site "Napoli ITA"]
[Date "2010.03.25"]
[Round "2"]
[White "De Fazio, Giovanni"]
[Black "Di Gennaro, Antonio"]
[Result "1-0"]
[WhiteElo "1762"]
[BlackElo "1676"]
[PlyCount "59"]
[EventDate "2010.03.18"]

1. e4 c5 2. c3 d5 3. exd5 Qxd5 4. d4 Nf6 5. Nf3 e6 6. Be2 cxd4 7. Qxd4 Qxd4 8.
Nxd4 a6 9. O-O Be7 10. Nd2 O-O 11. Nc4 Nbd7 12. Rd1 Nd5 13. Nf5 exf5 14. Rxd5
Nf6 15. Rd1 Be6 16. Nb6 Rad8 17. Be3 Nd5 18. Nxd5 Bxd5 19. Bb6 Rd7 20. c4 Be6
21. Rxd7 Bxd7 22. Rd1 Bc6 23. a3 g5 24. b4 g4 25. b5 axb5 26. cxb5 Be4 27. a4
h5 28. Rd7 Bb4 29. Bd1 f4 30. Rd4 1-0

[Event "VII Open Primavera Vomero"]
[Site "Napoli ITA"]
[Date "2010.03.25"]
[Round "2"]
[White "Donadio, Andrea"]
[Black "Lerro, Luca"]
[Result "1-0"]
[WhiteElo "1697"]
[BlackElo "1479"]
[PlyCount "77"]
[EventDate "2010.03.18"]

1. e4 e5 2. Nf3 Nc6 3. d4 exd4 4. Bc4 Bc5 5. c3 dxc3 6. Bxf7+ Kf8 7. O-O Qf6 8.
Qd5 cxb2 9. Bxb2 Qxb2 10. Bxg8 Rxg8 11. Qxc5+ d6 12. Qc3 Qxc3 13. Nxc3 Be6 14.
Rfb1 b6 15. Ng5 Nd4 16. Rd1 c5 17. Nxe6+ Nxe6 18. Rxd6 Ke7 19. e5 Nc7 20. a4
Rab8 21. Ne4 a6 22. f4 c4 23. Rc6 Nd5 24. f5 Rgc8 25. Re6+ Kd7 26. Rd6+ Ke7 27.
Rxd5 c3 28. Rc1 Rc4 29. Nxc3 Rbc8 30. Rd3 b5 31. axb5 axb5 32. Nd5+ Kf7 33.
Rxc4 bxc4 34. Rc3 Rc5 35. e6+ Ke8 36. Ne3 Ke7 37. Rxc4 Rxc4 38. Nxc4 g6 39. g4
1-0

[Event "VII Open Primavera Vomero"]
[Site "Napoli ITA"]
[Date "2010.03.25"]
[Round "2"]
[White "Fezza, Davide"]
[Black "De Meo, Guido"]
[Result "1-0"]
[WhiteElo "2064"]
[BlackElo "1853"]
[PlyCount "45"]
[EventDate "2010.03.18"]

1. e4 c5 2. Nf3 d6 3. d4 cxd4 4. Nxd4 Nf6 5. Nc3 a6 6. Bg5 e6 7. f4 Nbd7 8. Qf3
Be7 9. O-O-O O-O 10. Bd3 h6 11. h4 e5 12. Nf5 exf4 13. Nxe7+ Qxe7 14. Nd5 Qd8
15. Qxf4 hxg5 16. hxg5 Nxd5 17. exd5 f6 18. g6 Re8 19. Rh8+ Kxh8 20. Qh4+ Kg8
21. Qh7+ Kf8 22. Qh8+ Ke7 23. Qxg7# 1-0

[Event "VII Open Primavera Vomero"]
[Site "Napoli ITA"]
[Date "2010.03.25"]
[Round "2"]
[White "Piscopia, Carmela"]
[Black "Ficco, Corrado"]
[Result "0-1"]
[WhiteElo "1403"]
[BlackElo "2156"]
[PlyCount "76"]
[EventDate "2010.03.18"]

1. e4 c5 2. Nc3 Nc6 3. f4 e6 4. Nf3 g6 5. Bb5 Nge7 6. O-O Bg7 7. d3 O-O 8. Qe1
Nd4 9. Nxd4 cxd4 10. Ne2 d5 11. Ng3 dxe4 12. dxe4 Qc7 13. Bd3 f5 14. e5 b6 15.
Ne2 Rd8 16. b3 Bb7 17. Bb2 Nc6 18. Qf2 Bf8 19. a3 a5 20. Kh1 Bc5 21. Ng1 Ne7
22. Nf3 Bxf3 23. Qxf3 Nd5 24. Bc4 Qe7 25. Bxd5 Rxd5 26. b4 axb4 27. axb4 Rxa1
28. Rxa1 Bxb4 29. Ra8+ Kg7 30. Qd3 Bc5 31. Qa6 Kh6 32. Qd3 Qh4 33. g3 Qe7 34.
Ba3 Qb7 35. Qa6 Qd7 36. Bxc5 Rxc5 37. Qxb6 Qd5+ 38. Kg1 Rxc2 0-1

[Event "VII Open Primavera Vomero"]
[Site "Napoli ITA"]
[Date "2010.03.25"]
[Round "2"]
[White "Romanelli, Andrea"]
[Black "Iannotta, Francesco"]
[Result "0-1"]
[WhiteElo "1500"]
[BlackElo "1694"]
[PlyCount "74"]
[EventDate "2010.03.18"]

1. d4 Nf6 2. c4 g6 3. Nc3 Bg7 4. e4 d6 5. f3 O-O 6. Nge2 Nbd7 7. g4 b6 8. h4 c5
9. h5 a6 10. Be3 b5 11. cxb5 axb5 12. Nxb5 Qa5+ 13. Nbc3 Ba6 14. Qd2 cxd4 15.
Nxd4 Bxf1 16. Kxf1 Ne5 17. hxg6 fxg6 18. Kg2 Nc4 19. Qe2 Nxe3+ 20. Qxe3 Qb6 21.
Qd2 Nxe4 22. Nxe4 Bxd4 23. Nc3 Rf7 24. Rac1 Raf8 25. Nd5 Qxb2 26. Rc2 Qa3 27.
Qxd4 Qxf3+ 28. Kh2 h5 29. Qd1 Qe4 30. Rg1 hxg4 31. Rgg2 Rf1 32. Qxg4 Qe5+ 33.
Kh3 Rh1+ 34. Rh2 Rg1 35. Qxg1 Qh5+ 36. Kg3 Qg5+ 37. Kh3 Rf3+ 0-1

[Event "VII Open Primavera Vomero"]
[Site "Napoli ITA"]
[Date "2010.03.25"]
[Round "2"]
[White "Rosato, Luciano"]
[Black "Gallo, Thomas Renato"]
[Result "1-0"]
[WhiteElo "2260"]
[BlackElo "1889"]
[PlyCount "81"]
[EventDate "2010.03.18"]

1. d4 d5 2. Nf3 c6 3. e3 Nf6 4. Bd3 Bg4 5. Nbd2 Nbd7 6. h3 Bh5 7. g4 Bg6 8. b3
Qc7 9. Bb2 e6 10. Ne5 Bxd3 11. cxd3 Bd6 12. Ndf3 Bb4+ 13. Kf1 Bd6 14. Kg2 h6
15. Qe2 Nh7 16. h4 Nhf8 17. e4 Ng6 18. Nxg6 fxg6 19. exd5 O-O-O 20. dxc6 bxc6
21. Rac1 Rde8 22. Ne5 c5 23. Nxg6 Qb7+ 24. Qe4 Rhg8 25. dxc5 Qxe4+ 26. dxe4 Bc7
27. Rhd1 Nf6 28. Bxf6 gxf6 29. h5 Rg7 30. Rd3 Rd8 31. Rxd8+ Bxd8 32. Kf3 Ba5
33. a3 Bd2 34. Rd1 Bc3 35. Rd3 Bb2 36. b4 e5 37. Nh4 Bd4 38. Nf5 Rd7 39. Nxh6
a5 40. Nf5 axb4 41. axb4 1-0

[Event "VII Open Primavera Vomero"]
[Site "Napoli ITA"]
[Date "2010.03.25"]
[Round "2"]
[White "Zinnai, Graziano Matteo"]
[Black "Sciaudone, Francesco"]
[Result "1-0"]
[WhiteElo "1662"]
[BlackElo "1575"]
[PlyCount "111"]
[EventDate "2010.03.18"]

1. e4 e5 2. Nf3 Nc6 3. d3 h6 4. c3 Nf6 5. b4 a6 6. Be2 d5 7. Nbd2 dxe4 8. dxe4
Be7 9. O-O O-O 10. Bb2 Bg4 11. Qc2 Re8 12. a3 Nh5 13. Rfe1 Nf4 14. Bf1 Bg5 15.
h3 Bh5 16. g3 Ne6 17. Bg2 Qf6 18. c4 Rad8 19. h4 Bxd2 20. Nxd2 Ncd4 21. Bxd4
Nxd4 22. Qb2 Qd6 23. Nf1 Qd7 24. Re3 Bg4 25. Nh2 Bh3 26. Nf3 Bxg2 27. Kxg2 Qg4
28. Rae1 Nxf3 29. Rxf3 Rd4 30. Qe2 Red8 31. Rc3 Qg6 32. c5 Rd2 33. Qf3 Ra2 34.
Rd3 Rxd3 35. Qxd3 Qf6 36. Re2 Rxe2 37. Qxe2 b5 38. Qd3 g5 39. h5 g4 40. f3
gxf3+ 41. Qxf3 Qg5 42. Kh3 Qc1 43. Qg4+ Kh7 44. Qf5+ Kg8 45. Qxe5 Qh1+ 46. Kg4
Qd1+ 47. Kf5 Qf3+ 48. Qf4 Qxh5+ 49. Kf6 Qg6+ 50. Ke7 c6 51. Qe5 h5 52. Qf5 Qh6
53. Qxf7+ Kh8 54. Qf6+ Kh7 55. Qxh6+ Kxh6 56. Kf6 1-0

[Event "VII Open Primavera Vomero"]
[Site "Napoli ITA"]
[Date "2010.04.01"]
[Round "3"]
[White "Accardo, Francesco"]
[Black "De Fazio, Giovanni"]
[Result "0-1"]
[WhiteElo "1872"]
[BlackElo "1762"]
[PlyCount "68"]
[EventDate "2010.03.18"]

1. g4 d5 2. Bg2 c6 3. h3 e5 4. a4 h5 5. d4 Nd7 6. g5 Bd6 7. Nf3 Ne7 8. c4 e4 9.
Nfd2 Nf5 10. h4 e3 11. Nf3 exf2+ 12. Kxf2 Bg3+ 13. Kg1 Nb6 14. b3 Qe7 15. Qd3
Bc7 16. a5 dxc4 17. bxc4 Ng3 18. axb6 Nxe2+ 19. Qxe2 Qxe2 20. bxc7 O-O 21. Bf4
Qb2 22. Ra5 Qxb1+ 23. Kh2 Qb4 24. Rc5 Re8 25. Ne5 Qb2 26. g6 fxg6 27. Nxg6 Bg4
28. Be5 Qc2 29. Nf4 Qf2 30. Rf1 Qxh4+ 31. Kg1 Qg3 32. Rf2 Qe3 33. Ng6 a5 34. d5
Qxc5 0-1

[Event "VII Open Primavera Vomero"]
[Site "Napoli ITA"]
[Date "2010.04.01"]
[Round "3"]
[White "Angelotti, Mario"]
[Black "Donadio, Andrea"]
[Result "1-0"]
[WhiteElo "1527"]
[BlackElo "1697"]
[PlyCount "65"]
[EventDate "2010.03.18"]

1. e4 c5 2. Nf3 g6 3. d4 cxd4 4. Nxd4 Nc6 5. c3 Bg7 6. Be3 Nf6 7. f3 O-O 8. Na3
d6 9. Qd2 Re8 10. O-O-O a6 11. h4 Nxd4 12. Bxd4 Be6 13. Bc4 Bxc4 14. Nxc4 b5
15. Na3 Qa5 16. g4 Rec8 17. Kb1 Rab8 18. h5 b4 19. cxb4 Rxb4 20. Nc2 Ra4 21.
hxg6 Rxa2 22. gxf7+ Kxf7 23. Na3 Rxa3 24. bxa3 Rb8+ 25. Ka2 Qb5 26. Rb1 Qc4+
27. Ka1 Nxe4 28. Qf4+ Nf6 29. Rxb8 Qa4 30. Kb2 Qc4 31. Rb7 Ke8 32. Rb8+ Kf7 33.
Rd1 1-0

[Event "VII Open Primavera Vomero"]
[Site "Napoli ITA"]
[Date "2010.04.01"]
[Round "3"]
[White "De Meo, Guido"]
[Black "Borrelli, Salvatore"]
[Result "0-1"]
[WhiteElo "1853"]
[BlackElo "1967"]
[PlyCount "94"]
[EventDate "2010.03.18"]

1. d4 d5 2. Nf3 e6 3. g3 c6 4. Bg2 Nd7 5. e4 dxe4 6. Ng5 Ngf6 7. Nd2 Qa5 8.
Ngxe4 Nxe4 9. Bxe4 Nf6 10. Bg2 Be7 11. O-O O-O 12. Nc4 Qb5 13. b3 Qa6 14. Bb2
Nd5 15. Ne3 Bg5 16. Re1 Nxe3 17. fxe3 f5 18. c4 Bf6 19. Qe2 Bd7 20. b4 Qb6 21.
Bc3 Qc7 22. Qb2 Rae8 23. Rac1 Qb8 24. Qd2 Qd8 25. Qc2 Bg5 26. Rcd1 Qc8 27. Qb2
Bf6 28. e4 Qc7 29. e5 Bg5 30. Bd2 f4 31. Rf1 b5 32. c5 f3 33. Bxf3 Bxd2 34.
Qxd2 a5 35. Be4 axb4 36. Qxb4 Ra8 37. Qb1 Rxf1+ 38. Rxf1 h6 39. Bh7+ Kh8 40.
Rf7 Qa5 41. Be4 Qd2 42. Qd3 Qe1+ 43. Rf1 Qa5 44. Qf3 Qd8 45. Bxc6 Bxc6 46. Qxc6
Qxd4+ 47. Kh1 Rxa2 0-1

[Event "VII Open Primavera Vomero"]
[Site "Napoli ITA"]
[Date "2010.04.01"]
[Round "3"]
[White "Di Gennaro, Antonio"]
[Black "Colli, Roberto"]
[Result "1/2-1/2"]
[WhiteElo "1676"]
[BlackElo "1461"]
[PlyCount "41"]
[EventDate "2010.03.18"]

1. e4 c5 2. Nf3 d6 3. d4 cxd4 4. Nxd4 a6 5. c4 Nf6 6. Nc3 Nc6 7. Nb3 e6 8. f4
Be7 9. Bd3 O-O 10. O-O Rb8 11. Qe2 Nb4 12. Bb1 d5 13. e5 Nd7 14. a3 dxc4 15.
Qxc4 b5 16. Qe4 f5 17. exf6 Nxf6 18. Qf3 Nbd5 19. Nxd5 exd5 20. f5 Bb7 21. Qe2
1/2-1/2

[Event "VII Open Primavera Vomero"]
[Site "Napoli ITA"]
[Date "2010.04.01"]
[Round "3"]
[White "Ficco, Corrado"]
[Black "Rosato, Luciano"]
[Result "0-1"]
[WhiteElo "2156"]
[BlackElo "2260"]
[PlyCount "52"]
[EventDate "2010.03.18"]

1. e4 d6 2. d4 g6 3. c4 Bg7 4. Nc3 Nf6 5. f3 O-O 6. Be3 b6 7. Qd2 c5 8. d5 Nbd7
9. Bh6 Ne5 10. Bxg7 Kxg7 11. Bd3 e6 12. O-O-O exd5 13. exd5 a6 14. g4 b5 15.
cxb5 c4 16. Bb1 axb5 17. g5 Nh5 18. f4 b4 19. Ne4 Nd3+ 20. Bxd3 cxd3 21. Qxb4
Rxa2 22. Kb1 Qa5 23. Qxa5 Rxa5 24. Nxd6 Bg4 25. Rxd3 Ra6 26. h3 Bd7 0-1